00192nam a2200061Ia 4500245003400000100005500034008004100089 0aNooit te laat vir die liefde  a HENNING, Philip Pretoria, 1991 Grootdrukuitg 210817s9999 xx 000 0 und d